000 00474 a2200169 4500
003 OSt
005 20230929135409.0
008 230929b |||||||| |||| 00| 0 eng d
020 _a9789388005173
040 _coclc
082 _a516
_bARU/A
100 _aArumugam, S
_93845
245 _aANALYTICAL GEOMETRY /
_cArumugam, Thangapandi Isaac, Somasundaram
260 _bYesdee,
_c2020.
300 _a538 p
942 _2ddc
_cBK
_h516
_iARU/A
_k516
_mARU/A
999 _c42380
_d42380